00537nam a2200157 a 4500008004100000020001500041050001500056100002400071245010400095260005600199300002200255350000900277650004200286650002600328700002500354120416s1976 ||||||||||||||||| || u a0070373981 aTA 654 Lev aLevy, Samuel, 1912-14aThe component element method in dynamics : with application to earthquake and vehicle engineering / aNew York :bMcGraw-Hill International Book Coc1976 axiv, 363p. : ill. a0.00 aStructural dynamics - Data processing 0aFINITE ELEMENT METHOD aWilkinson, John P. D